00509nam a22001812 4500001001100000005001700011008004100028020001700069040001500086100003100101245006100132250001300193260003500206300001800241650003400259650003100293852000300324000001872020151217154421.0100609s xx 000 0 eng d a8175341364 : aKABUcKABU1 aStone, Julius.@000017804110aLegal system and lawyers' reasonings /cby Julius Stone. a1st ed. aDelhi :bUniversal Law,c1964. axxiv, 454 p. 0aLawxMethodology.@0000153283 0aJurisprudence.@00001532821